Modern wiring practice / (Record no. 12789)
[ view plain ]
| 000 -LEADER | |
|---|---|
| fixed length control field | 00712cam a2200253u 4500 |
| 001 - CONTROL NUMBER | |
| control field | 12789 |
| 003 - CONTROL NUMBER IDENTIFIER | |
| rucl marc code | BD-RjUL |
| 005 - DATE AND TIME OF LATEST TRANSACTION | |
| control field | 20211208235345.0 |
| 008 - FIXED-LENGTH DATA ELEMENTS--GENERAL INFORMATION | |
| fixed length control field | 140129r19831982enka 001 0 eng |
| 035 ## - SYSTEM CONTROL NUMBER | |
| System control number | (BD-RjUL)12839 |
| 040 ## - CATALOGING SOURCE | |
| Original cataloging agency | DLC |
| Transcribing agency | CarP |
| Modifying agency | BD-RjUL |
| Language of cataloging | eng |
| 041 ## - LANGUAGE CODE | |
| Language code of text/sound track or separate title | eng |
| 082 04 - DEWEY DECIMAL CLASSIFICATION NUMBER | |
| Classification number | 621.3192 |
| Author mark and year | STM 1983 |
| 100 1# - MAIN ENTRY--PERSONAL NAME | |
| Personal name | Steward, William E. |
| 9 (RLIN) | 39861 |
| 245 10 - TITLE STATEMENT | |
| Title | Modern wiring practice / |
| Statement of responsibility, etc. | William E. Steward, J. Watkins |
| 250 ## - EDITION STATEMENT | |
| Edition statement | 9th ed. |
| 260 ## - PUBLICATION, DISTRIBUTION, ETC. (IMPRINT) | |
| Place of publication, distribution, etc. | London : |
| Name of publisher, distributor, etc. | G. Newnes, |
| Date of publication, distribution, etc. | c1982 [reprinted 1983] |
| 300 ## - PHYSICAL DESCRIPTION | |
| Pagination | 297 p. : |
| Illustrations | illus. ; |
| Size | 22 cm. |
| 504 ## - BIBLIOGRAPHY, ETC. NOTE | |
| Bibliography, etc | Include index. |
| 650 #0 - SUBJECT ADDED ENTRY--TOPICAL TERM | |
| Topical term or geographic name as entry element | Electric wiring, Interior. |
| 9 (RLIN) | 39862 |
| 700 1# - ADDED ENTRY--PERSONAL NAME | |
| Personal name | Watkins, J. |
| 942 ## - ADDED ENTRY ELEMENTS (KOHA) | |
| Source of classification or shelving scheme | Dewey Decimal Classification |
| Koha item type | Books |
| Lost status | Source of classification or shelving scheme | Damaged status | Not for loan | Collection code | Permanent Location | Current Location | Shelving location | Date acquired | Source of acquisition | Cost, normal purchase price | Total Checkouts | Full call number | Date last seen | Copy number | Koha item type |
|---|---|---|---|---|---|---|---|---|---|---|---|---|---|---|---|
| Dewey Decimal Classification | Non-fiction | Central Library, University of Rajshahi | Central Library, University of Rajshahi | 11/09/1984 | Tappan- Tulip | 18.45 | 621.3192 STM 1983 | 29/01/2014 | C-2 | Books | |||||
| Dewey Decimal Classification | Not For Loan | Non-fiction | Central Library, University of Rajshahi | Central Library, University of Rajshahi | Reading Room | 12/04/1983 | Tulip Ent, Dhaka | 140.18 | 621.3192 STM 1983 | 30/03/2017 | C-1 | Books |